| 000 -LEADER |
| fixed length control field |
00932cam a22002654a 4500 |
| 001 - CONTROL NUMBER |
| control field |
5683 |
| 003 - CONTROL NUMBER IDENTIFIER |
| control field |
BD-DhUAP |
| 005 - DATE AND TIME OF LATEST TRANSACTION |
| control field |
20201231104624.0 |
| 008 - FIXED-LENGTH DATA ELEMENTS--GENERAL INFORMATION |
| fixed length control field |
000926s2001 njua 001 0 eng |
| 020 ## - INTERNATIONAL STANDARD BOOK NUMBER |
| International Standard Book Number |
8178082780 |
| 040 ## - CATALOGING SOURCE |
| Original cataloging agency |
DLC |
| Transcribing agency |
DLC |
| Modifying agency |
BD-DhUAP |
| Language of cataloging |
eng |
| 082 00 - DEWEY DECIMAL CLASSIFICATION NUMBER |
| Classification number |
005.713769 HAW |
| Edition number |
23 |
| 100 1# - MAIN ENTRY--PERSONAL NAME |
| Personal name |
Hawkins, Scott. |
| 245 10 - TITLE STATEMENT |
| Title |
Apache Web server administration & e-commerce handbook / |
| Statement of responsibility, etc. |
Scott Hawkins. |
| 260 ## - PUBLICATION, DISTRIBUTION, ETC. |
| Place of publication, distribution, etc. |
Delhi : |
| Name of publisher, distributor, etc. |
Pearson Education Asia, |
| Date of publication, distribution, etc. |
c2001. |
| 300 ## - PHYSICAL DESCRIPTION |
| Extent |
xx, 359 pages : |
| Other physical details |
illustrations ; |
| Dimensions |
24 cm. |
| 490 ## - SERIES STATEMENT |
| Series statement |
Open source technology series. |
| 500 ## - GENERAL NOTE |
| General note |
Includes index. |
| 538 ## - SYSTEM DETAILS NOTE |
| System details note |
System requirements for accompany computer discs : IBM PC or compatible system ; DOS ; Microsoft Windows. |
| 630 00 - SUBJECT ADDED ENTRY--UNIFORM TITLE |
| Uniform title |
Apache (Computer file : Apache Group). |
| 650 #0 - SUBJECT ADDED ENTRY--TOPICAL TERM |
| Topical term or geographic name entry element |
Electronic commerce |
| General subdivision |
Computer programs. |
| 650 #0 - SUBJECT ADDED ENTRY--TOPICAL TERM |
| Topical term or geographic name entry element |
Web servers. |
| 650 #0 - SUBJECT ADDED ENTRY--TOPICAL TERM |
| Topical term or geographic name entry element |
Business enterprises |
| General subdivision |
Computer networks. |
| 942 ## - ADDED ENTRY ELEMENTS (KOHA) |
| Source of classification or shelving scheme |
|
| Koha item type |
Book |